Kraje które najwięcej wydają na wojsko - Statystyki

Ogólne statystyki
  • Ten quiz został rozwiązany 285 razy
  • Średni wynik to 8 z 10
Statystyki odpowiedzi
Hint Odpowiedź % Poprawnych
700 mld Stany Zjednoczone
100%
144mld Rosja
99%
214 mld Chiny
97%
86 mld Niemcy
91%
89 mld Francja
88%
91 mld Polska
82%
122 mld Japonia
76%
64 mld Włochy
64%
90 mld Brazylia
57%
31 mld Finlandia
17%
Nie znaleziono quizów pasujących do podanych kryteriów
Rozkład punktacji
Procent ludzi z każdym wynikiem
Percentyl według liczby udzielonych odpowiedzi
Twoja historia wyników
Nie rozwiązałeś tego quizu